000 00619nam a2200253Ia 4500
003 OSt
005 20221007105308.0
006 a|||||r|||| 00| 0
007 ta
008 221006b |||||||| |||| 00| 0 eng d
024 _a18,169
037 _cTextual
040 _aLCO
_cLCO
_beng
041 _2eng
_aeng
082 _aZ2,3, L1
100 _aKulshrestha V.D
245 0 _aIndian Contract Act
250 _a2nd
260 _aLucknow
_bEastern Book Company India
_c1971
300 _a428
650 _aCONTRACT
942 _hZ2,3, L1
_cTEXL
999 _c1187732
_d1187732